[Event "Werl- Bochum 3"]
[Site "?"]
[Date "2024.01.28"]
[Round "5.1"]
[White "Von Bargen, Lukas"]
[Black "Schwarzkopf, Christian"]
[Result "1/2-1/2"]
[WhiteElo "2097"]
[BlackElo "1986"]
[PlyCount "44"]
[SourceDate "2024.01.23"]

1. d4 e6 2. c4 Nf6 3. Nf3 b6 4. g3 Bb4+ 5. Bd2 Bxd2+ 6. Nbxd2 Bb7 7. Bg2 O-O 8.
O-O d6 9. Qc2 Nbd7 10. e4 e5 11. d5 a5 12. b3 Qe7 13. a3 Rfb8 14. Rfc1 g6 15.
Ne1 Ne8 16. b4 axb4 17. axb4 Qd8 18. Nd3 Rxa1 19. Rxa1 Ra8 20. Ra2 Qb8 21. Bh3
Bc8 22. Bg2 Ra7 1/2-1/2

[Event "Werl- Bochum 3"]
[Site "?"]
[Date "2024.01.28"]
[Round "5.2"]
[White "Stolle, Dietmar"]
[Black "Tahashi- Knoche, Farzad"]
[Result "0-1"]
[WhiteElo "1997"]
[BlackElo "2069"]
[PlyCount "50"]
[SourceDate "2024.01.23"]

1. c4 Nf6 2. Nc3 g6 3. d4 Bg7 4. e4 d6 5. g3 O-O 6. Bg2 e5 7. Nge2 Nc6 8. h3
exd4 9. Nd5 Nd7 10. Rb1 a5 11. a3 a4 12. b4 axb3 13. Rxb3 Nc5 14. Rb1 Be6 15.
O-O Ra4 16. Rxb7 Rxc4 17. Rb1 Bxd5 18. exd5 Ne5 19. Bb2 Ned3 20. Nc1 Nxb2 21.
Rxb2 Qa8 22. Ra2 Ra4 23. Qf3 Re8 24. Rd1 Ne4 25. Re1 Nc3 0-1

[Event "Werl- Bochum 3"]
[Site "?"]
[Date "2024.01.28"]
[Round "5.3"]
[White "Ivanov, Alexander"]
[Black "Krahn, Reinhard"]
[Result "0-1"]
[WhiteElo "1900"]
[BlackElo "1756"]
[Annotator "daniel"]
[PlyCount "76"]
[SourceDate "2024.01.23"]

1. e4 c5 2. Nf3 Nc6 3. Bb5 Qa5 4. Bxc6 bxc6 5. e5 Ba6 6. b3 d5 7. Na3 e6 $11 8.
c4 f6 9. O-O Qc7 10. Re1 f5 11. d3 d4 12. Nc2 h6 13. b4 O-O-O 14. Bb2 Qb6 15.
Nh4 Ne7 16. Ba3 cxb4 17. Nxb4 g5 18. Nf3 Ng6 19. Rb1 Bb7 20. Nc2 Qa6 21. Bxf8
Rhxf8 22. Nfxd4 c5 23. Nb5 Nf4 24. Nd6+ Rxd6 25. exd6 Bxg2 26. d4 Qc6 27. d5
exd5 28. Ne3 dxc4 29. d7+ Kc7 30. f3 Bxf3 31. Qd2 Nh3+ 32. Kf1 Be4 33. Qa5+
Kxd7 34. Red1+ Ke6 35. Qxa7 Bxb1 36. Rxb1 Qf3+ 37. Ke1 Qxe3+ 38. Kd1 Rd8+ 0-1

[Event "Werl- Bochum 3"]
[Site "?"]
[Date "2024.01.28"]
[Round "5.4"]
[White "Vieweger, Torsten"]
[Black "Peters, Olaf"]
[Result "1/2-1/2"]
[WhiteElo "1882"]
[BlackElo "1873"]
[PlyCount "23"]
[SourceDate "2024.01.23"]

1. d4 d5 2. Nc3 Nf6 3. Bg5 e6 4. Nf3 Be7 5. Bxf6 Bxf6 6. e4 dxe4 7. Nxe4 Be7 8.
Bd3 Nd7 9. Qe2 Nf6 10. c3 c6 11. Nxf6+ Bxf6 12. O-O-O 1/2-1/2

[Event "Werl- Bochum 3"]
[Site "?"]
[Date "2024.01.28"]
[Round "5.5"]
[White "Abdullayev, Elchin"]
[Black "Scheibe, Andreas"]
[Result "1/2-1/2"]
[WhiteElo "1878"]
[BlackElo "1770"]
[PlyCount "105"]
[SourceDate "2024.01.23"]

1. d4 Nf6 2. c4 g6 3. Nc3 d5 4. cxd5 Nxd5 5. e4 Nxc3 6. bxc3 c5 7. Bc4 Bg7 8.
Ne2 Nc6 9. Be3 O-O 10. O-O cxd4 11. cxd4 Na5 12. Bd3 b6 13. Rc1 e6 14. f4 Bb7
15. e5 Nc6 16. Be4 Qd7 17. Qa4 Rac8 18. Rc2 Nxe5 19. Qxd7 Nxd7 20. Rxc8 Bxc8
21. Rc1 Ba6 22. Rc7 Nf6 23. Ng3 Ng4 24. Rxa7 Nxe3 25. Rxa6 Bxd4 26. Ne2 Bc5 27.
Kf2 Rd8 28. Kf3 f5 29. Bc6 Rd3 30. Nc1 Rd2 31. Nb3 Rd6 32. Nxc5 Rxc6 33. Kxe3
Rxc5 34. Rxb6 Ra5 35. Rb2 Kf7 36. g3 Kf6 37. Kd4 g5 38. fxg5+ Kxg5 39. Rf2 e5+
40. Kc4 e4 41. Kd4 h5 42. Ke3 Ra3+ 43. Kd4 e3 44. Re2 Kg4 45. Rxe3 Rxa2 46. h4
Rg2 47. Ke5 Rf2 48. Kf6 f4 49. gxf4 Kxf4 50. Ra3 Kg4+ 51. Kg6 Kxh4 52. Ra4+ Kg3
53. Kxh5 1/2-1/2

[Event "Werl- Bochum 3"]
[Site "?"]
[Date "2024.01.28"]
[Round "5.6"]
[White "Hering, Christian"]
[Black "Lampe, Thomas"]
[Result "1/2-1/2"]
[WhiteElo "1595"]
[BlackElo "1925"]
[PlyCount "91"]
[SourceDate "2024.01.23"]

1. e4 c5 2. Nf3 Nc6 3. c3 d5 4. exd5 Qxd5 5. d4 Bg4 6. c4 Qe4+ 7. Qe2 Bxf3 8.
gxf3 Qxe2+ 9. Bxe2 Nxd4 10. Bd1 Nf6 11. Nc3 a6 12. Ne4 Nd7 13. Bf4 e5 14. Bd2
f5 15. Nc3 Nf6 16. O-O Bd6 17. Kg2 O-O 18. Ba4 Rab8 19. Rfc1 h6 20. h4 b5 21.
cxb5 axb5 22. Bd1 Rfc8 23. Ne2 Kh7 24. Nxd4 exd4 25. Bc2 g6 26. Rh1 Re8 27. Kf1
Nh5 28. a4 bxa4 29. Bxa4 Ra8 30. Bxe8 Rxa1+ 31. Kg2 Rxh1 32. Kxh1 Bf4 33. Ba5
Be5 34. Bb5 Nf4 35. Bd2 Nd5 36. b3 Bf6 37. h5 g5 38. Bd3 Ne7 39. b4 cxb4 40.
Bxb4 Kg7 41. Bxe7 Bxe7 42. Bxf5 Kf6 43. Bd3 Ke5 44. Kg2 Kf4 45. Bg6 Bb4 46. Bd3
1/2-1/2

[Event "Werl- Bochum 3"]
[Site "?"]
[Date "2024.01.28"]
[Round "5.7"]
[White "Bautz, Volker"]
[Black "Jenke, Johannes"]
[Result "1-0"]
[WhiteElo "1785"]
[BlackElo "1599"]
[PlyCount "99"]
[SourceDate "2024.01.23"]

1. e4 e5 2. Nf3 Nc6 3. Nc3 Nf6 4. d4 exd4 5. Nd5 Be7 6. Nxd4 Nxd4 7. Qxd4 d6 8.
Nxe7 Qxe7 9. Bd3 O-O 10. Bg5 h6 11. Bh4 g5 12. Bg3 Bf5 13. O-O-O Bg6 14. Rde1
Rad8 15. Qc4 Rfe8 16. e5 d5 17. Qb3 Ne4 18. f4 Nc5 19. Qc3 Nxd3+ 20. cxd3 d4
21. Qd2 Qc5+ 22. Kb1 Qb5 23. Rd1 Re6 24. Rhf1 gxf4 25. Bxf4 Rb6 26. Rf3 Rd5 27.
Rg3 Rc5 28. Rc1 Rxc1+ 29. Kxc1 Rc6+ 30. Kd1 Qd5 31. b3 Rc3 32. h4 h5 33. Rg5
Qe6 34. Ke1 Kh7 35. Qe2 Rxd3 36. Rxh5+ Kg8 37. Rg5 Kh7 38. h5 Bf5 39. g4 Qc6
40. gxf5 Qh1+ 41. Kf2 Qh4+ 42. Bg3 Rxg3 43. Rxg3 Qh2+ 44. Rg2 Qf4+ 45. Kg1 Qc1+
46. Kh2 Qf4+ 47. Rg3 d3 48. Qxd3 Qf2+ 49. Kh3 Qe1 50. f6+ 1-0

[Event "Werl- Bochum 3"]
[Site "?"]
[Date "2024.01.28"]
[Round "5.8"]
[White "Siebert, Michael"]
[Black "Hofer, Stefan"]
[Result "1/2-1/2"]
[WhiteElo "1430"]
[BlackElo "1740"]
[PlyCount "35"]
[SourceDate "2024.01.23"]

1. c4 Nf6 2. g3 e5 3. Bg2 Be7 4. Nc3 O-O 5. Nf3 Nc6 6. O-O d6 7. d4 exd4 8.
Nxd4 Bd7 9. Nd5 Nxd5 10. Nxc6 Bxc6 11. cxd5 Bb5 12. a4 Bd7 13. b4 Bf6 14. Rb1
a6 15. Bb2 Bxb2 16. Rxb2 Qe8 17. a5 Qe5 18. Qb1 1/2-1/2

[Event "Günnigfeld- Mengede"]
[Site "?"]
[Date "2024.01.28"]
[Round "5.1"]
[White "Borgschulze, Maik"]
[Black "Freisen, Thomas"]
[Result "1/2-1/2"]
[WhiteElo "2081"]
[BlackElo "1960"]
[PlyCount "36"]
[SourceDate "2024.01.23"]

1. Nf3 Nf6 2. c4 c6 3. d4 d5 4. Nc3 e6 5. e3 Nbd7 6. Bd3 dxc4 7. Bxc4 b5 8. Bd3
a6 9. e4 c5 10. d5 Qc7 11. dxe6 fxe6 12. O-O Bb7 13. Ng5 Qc6 14. Qe2 h6 15. Nf3
Bd6 16. b3 Rc8 17. Bb2 O-O 18. Rad1 Bb8 1/2-1/2

[Event "Günnigfeld- Mengede"]
[Site "?"]
[Date "2024.01.28"]
[Round "5.4"]
[White "Radi, Guenter"]
[Black "Bork, Sophie"]
[Result "*"]
[WhiteElo "1832"]
[BlackElo "1820"]
[PlyCount "97"]
[SourceDate "2024.01.23"]

1. d4 d5 2. Nf3 c5 3. Bf4 Nc6 4. e3 Nf6 5. a3 e6 6. c3 Qb6 7. Qc2 Bd7 8. Nbd2
Rc8 9. Qb3 c4 10. Qxb6 axb6 11. h3 Na5 12. Be2 Ba4 13. Bd1 Bxd1 14. Rxd1 Be7
15. O-O O-O 16. Rfe1 Rfd8 17. e4 dxe4 18. Nxe4 Nxe4 19. Rxe4 Rd5 20. Rde1 Bf6
21. g4 g6 22. Be5 Bxe5 23. Rxe5 Nc6 24. R5e2 h6 25. Nd2 Na5 26. f4 h5 27. Kg2
g5 28. Ne4 Kg7 29. Nxg5 hxg4 30. hxg4 Rh8 31. Kg3 Nb3 32. Rf1 Rh6 33. Ree1 Nd2
34. Rf2 Nb3 35. Nf3 Rd8 36. Rh2 Rxh2 37. Nxh2 Rd5 38. Nf3 Kf8 39. Re5 Rd6 40.
Rb5 f6 41. g5 Kg7 42. gxf6+ Kxf6 43. Ne5 Nd2 44. Rxb6 Rd8 45. Rxb7 Rg8+ 46. Kf2
Ne4+ 47. Kf3 Kf5 48. Rf7+ Nf6 49. Nd7 *

[Event "Günnigfeld- Mengede"]
[Site "?"]
[Date "2024.01.28"]
[Round "5.5"]
[White "Kraus, Reinhard"]
[Black "Funke, Eckhard"]
[Result "1/2-1/2"]
[WhiteElo "1805"]
[BlackElo "1817"]
[PlyCount "39"]
[SourceDate "2024.01.23"]

1. e4 d5 2. exd5 Qxd5 3. Nc3 Qd6 4. Nf3 Nf6 5. d4 c6 6. h3 Bf5 7. Bc4 e6 8. O-O
h6 9. Bb3 Be7 10. Ne5 Nbd7 11. Bf4 Nxe5 12. dxe5 Qxd1 13. Raxd1 Ne4 14. Nxe4
Bxe4 15. Rd4 Bd5 16. Rfd1 b5 17. a4 a6 18. Bxd5 cxd5 19. axb5 axb5 20. Bd2
1/2-1/2

[Event "Günnigfeld- Mengede"]
[Site "?"]
[Date "2024.01.28"]
[Round "5.6"]
[White "Oberbarnscheidt, Ludger"]
[Black "Ropel, Dennis"]
[Result "1/2-1/2"]
[WhiteElo "1957"]
[BlackElo "1773"]
[PlyCount "38"]
[SourceDate "2024.01.23"]

1. Nf3 Nf6 2. c4 g6 3. Nc3 d5 4. cxd5 Nxd5 5. Qb3 Nb6 6. Ng5 e6 7. d3 Bg7 8. g3
O-O 9. Bg2 c6 10. O-O h6 11. Nge4 e5 12. Nc5 Qe7 13. Be3 Kh7 14. a4 N8d7 15.
Qa3 Nf6 16. N5e4 Qxa3 17. Nxf6+ Bxf6 18. Rxa3 Be7 19. Raa1 Be6 1/2-1/2

[Event "Günnigfeld- Mengede"]
[Site "?"]
[Date "2024.01.28"]
[Round "5.8"]
[White "Brandhoff, Gerd"]
[Black "Wiktor, Reinhard"]
[Result "0-1"]
[WhiteElo "1688"]
[BlackElo "1789"]
[PlyCount "144"]
[SourceDate "2024.01.23"]

1. e4 d6 2. Bc4 Nf6 3. d3 g6 4. Nc3 Bg7 5. Nge2 O-O 6. Ng3 c6 7. O-O b5 8. Bb3
a5 9. a3 e5 10. Bd2 Na6 11. Qc1 Nc5 12. Ba2 Be6 13. Bg5 Bxa2 14. Rxa2 Ne6 15.
Bd2 Nd7 16. f4 exf4 17. Bxf4 Nxf4 18. Qxf4 Be5 19. Qf3 Qh4 20. Nce2 Rae8 21. d4
Bg7 22. c3 c5 23. Raa1 Nb6 24. b3 b4 25. axb4 axb4 26. Ra7 Re7 27. Rxe7 Qxe7
28. dxc5 dxc5 29. cxb4 cxb4 30. Rd1 Nd7 31. Nf4 Ne5 32. Qe2 Qc5+ 33. Kh1 Qc3
34. Rb1 Ra8 35. Nd5 Qd4 36. h3 h5 37. Rd1 Ra1 38. Rf1 Rxf1+ 39. Nxf1 Nd3 40.
Qe3 Nf2+ 41. Kh2 Be5+ 42. g3 Qb2 43. Qd2 Qxd2 44. Nxd2 Bc3 45. Kg2 Nd3 46. Nb1
Be1 47. g4 h4 48. Kf1 Bg3 49. Ke2 Nc1+ 50. Kd1 Nxb3 51. Nxb4 Nc5 52. Nd2 Bf4
53. Nd5 Bxd2 54. Kxd2 Nxe4+ 55. Ke3 Ng5 56. Nf4 Ne6 57. Ng2 g5 58. Ke4 f6 59.
Kf5 Kf7 60. Ke4 Kg6 61. Kf3 Nd4+ 62. Ke3 Nc6 63. Ke4 Ne7 64. Ne3 Kf7 65. Nc2
Ng6 66. Nd4 Nf4 67. Kf3 Nxh3 68. Ne2 Kg6 69. Nd4 Nf4 70. Nf5 Nd3 71. Ne7+ Kf7
72. Nf5 Ne5+ 0-1

[Event "Günnigfeld- Mengede"]
[Site "?"]
[Date "2024.01.28"]
[Round "5.3"]
[White "Echargui, Amin"]
[Black "Markus, Peter"]
[Result "1-0"]
[WhiteElo "1820"]
[BlackElo "1863"]
[PlyCount "119"]
[SourceDate "2024.01.23"]

1. e4 e5 2. Nf3 Nc6 3. Bb5 Nf6 4. d3 Bc5 5. O-O Nd4 6. Nxd4 Bxd4 7. c3 Bb6 8.
Bg5 h6 9. Bh4 c6 10. Ba4 g5 11. Bg3 d6 12. Re1 Bg4 13. Qd2 Nh5 14. d4 Nxg3 15.
hxg3 Qe7 16. Na3 h5 17. Nc4 Bc7 18. Ne3 Bd7 19. Kf1 g4 20. d5 O-O-O 21. Qd3 c5
22. Bxd7+ Qxd7 23. Nf5 Kb8 24. Ke2 Rc8 25. c4 Bd8 26. Rh1 Bg5 27. Qc3 Bd8 28.
Rh2 Bg5 29. Rah1 h4 30. gxh4 Bf4 31. g3 Bh6 32. Ra1 Rcd8 33. a4 Ka8 34. a5 Rc8
35. Qb3 Rcd8 36. Qa4 Qc7 37. Rhh1 Rc8 38. Rhb1 Bf8 39. Kd3 f6 40. Qd1 Rg8 41.
Qe2 Qd7 42. Rh1 Qh7 43. h5 Rg5 44. h6 Be7 45. Rh4 Rcg8 46. Rah1 Kb8 47. Ne3 a6
48. Nf5 Bf8 49. Rh5 R5g6 50. R1h4 Ka7 51. Ne3 Qf7 52. h7 Rh8 53. Nxg4 Rg5 54.
Ne3 Qg6 55. Nf5 Ka8 56. Rxg5 Qxg5 57. Kc2 Ka7 58. Qh5 Qxh5 59. Rxh5 b6 60. Nh4
1-0

[Event "Günnigfeld- Mengede"]
[Site "?"]
[Date "2024.01.28"]
[Round "5.2"]
[White "Jaennekes, Oliver"]
[Black "Delvos, Thorsten"]
[Result "1/2-1/2"]
[WhiteElo "1927"]
[BlackElo "1994"]
[PlyCount "52"]
[SourceDate "2024.01.23"]

1. Nf3 c5 2. c4 Nc6 3. Nc3 g6 4. g3 Bg7 5. Bg2 d6 6. O-O e5 7. d3 Nge7 8. a3
O-O 9. Rb1 f5 10. Ne1 h6 11. b4 Kh7 12. Bd2 Rb8 13. e3 a6 14. Nc2 b5 15. Qe2
bxc4 16. dxc4 Be6 17. bxc5 dxc5 18. Na4 Rxb1 19. Rxb1 Qd6 20. Bc3 Rd8 21. f4 e4
22. Bxg7 Kxg7 23. Bf1 Kf7 24. Rb6 Qd2 25. Ne1 Qxe2 26. Bxe2 Rd2 1/2-1/2

[Event "SK Germania Ruhrhalbinsel - SV Erkensch"]
[Site "VK2 - Saison 2023/24"]
[Date "2024.01.28"]
[Round "5.1"]
[White "Riechenberg, Sebastian"]
[Black "Krimphoff, Ingo"]
[Result "1/2-1/2"]
[WhiteElo "1900"]
[BlackElo "1995"]
[PlyCount "51"]
[EventDate "2024.??.??"]
[SourceDate "2024.01.23"]

1. e4 c6 2. d4 d5 3. Nc3 dxe4 4. Nxe4 Bf5 5. Ng3 Bg6 6. h4 h6 7. Nf3 Nd7 8. h5
Bh7 9. Bd3 Bxd3 10. Qxd3 e6 11. Bf4 Qa5+ 12. c3 Ngf6 13. Bd2 Rd8 14. c4 Bb4 15.
a3 Bxd2+ 16. Qxd2 Qxd2+ 17. Kxd2 O-O 18. Rh4 {(=)} b5 19. Rc1 Rc8 20. Ne4 Nxe4+
21. Rxe4 Nf6 22. Re5 a6 23. Ke2 Nd7 24. Re3 Nb6 25. Ne5 Rfd8 26. Re4 {(=)}
1/2-1/2

[Event "SK Germania Ruhrhalbinsel - SV Erkensch"]
[Site "VK2 - Saison 2023/24"]
[Date "2024.01.28"]
[Round "5.2"]
[White "Schäfer, Johannes"]
[Black "Strohmann, Marcel"]
[Result "0-1"]
[WhiteElo "1884"]
[BlackElo "1848"]
[PlyCount "57"]
[EventDate "2024.??.??"]
[SourceDate "2024.01.23"]

1. d4 Nf6 2. Bf4 g6 3. Nc3 Bg7 4. e4 d6 5. Qd2 O-O 6. O-O-O Nbd7 7. Bh6 c5 8.
Bxg7 Kxg7 9. e5 dxe5 10. dxe5 Ng4 11. f4 Qa5 12. h3 Nh6 13. g4 Rb8 14. Nf3 b5
15. Kb1 Bb7 16. Bg2 Nb6 17. f5 Ng8 18. Rhg1 b4 19. Ne2 Bd5 20. Nc1 c4 21. fxg6
hxg6 22. Qd4 Rfd8 23. e6+ f6 24. Qf4 Na4 25. Rde1 {(=)} Nc3+ 26. Ka1 Nxa2 27.
Nxa2 b3 28. cxb3 cxb3 29. Kb1 0-1

[Event "SK Germania Ruhrhalbinsel - SV Erkensch"]
[Site "VK2 - Saison 2023/24"]
[Date "2024.01.28"]
[Round "5.3"]
[White "Schulze Bisping, Franz-Adolf"]
[Black "Unteregge, Michael"]
[Result "1/2-1/2"]
[WhiteElo "1840"]
[BlackElo "2027"]
[PlyCount "34"]
[EventDate "2024.??.??"]
[SourceDate "2024.01.23"]

1. d4 Nf6 2. c4 e6 3. Nc3 Bb4 4. e3 O-O 5. Bd3 c5 6. Nf3 Nc6 7. O-O Bxc3 8.
bxc3 d6 9. e4 e5 10. d5 Ne7 11. a4 Ng6 12. a5 Ne8 13. Qc2 Bd7 14. g3 Qc8 15.
Ne1 f5 16. exf5 Bxf5 17. f3 Bxd3 {(=)} 1/2-1/2

[Event "SK Germania Ruhrhalbinsel - SV Erkensch"]
[Site "VK2 - Saison 2023/24"]
[Date "2024.01.28"]
[Round "5.4"]
[White "Prämaßinging, Reiner"]
[Black "Heuver, Stefan"]
[Result "0-1"]
[WhiteElo "1851"]
[BlackElo "1833"]
[PlyCount "86"]
[EventDate "2024.??.??"]
[SourceDate "2024.01.23"]

1. c4 e5 2. Nc3 Nc6 3. Nf3 Bc5 4. e3 d6 5. d4 exd4 6. exd4 Bb4 7. Qb3 a5 8. a3
a4 9. Qc2 Bxc3+ 10. Qxc3 Nf6 11. Bg5 O-O 12. O-O-O Ne4 13. Qe3 Nxg5 14. Nxg5 h6
15. Nh3 Bf5 16. Bd3 Re8 17. Qf4 Bxh3 18. gxh3 Qg5 19. Qxg5 hxg5 20. Bc2 Re2 21.
Rhf1 g6 22. Bd3 Re7 23. Bc2 Re2 24. Bd3 Re7 25. Bc2 Kg7 26. f4 gxf4 27. Rxf4
Re2 28. Rd2 Re1+ 29. Rd1 Re2 30. Rd2 Re1+ 31. Rd1 Rxd1+ 32. Bxd1 f5 33. d5 Ne5
34. Kd2 Kf6 35. Bc2 Kg5 36. Ke3 Rh8 37. h4+ Rxh4 38. Rxh4 Kxh4 39. Kf4 Nxc4 40.
Bxa4 Nxb2 41. Be8 Nd3+ 42. Kf3 g5 43. Kg2 Nf4+ 0-1

[Event "SK Germania Ruhrhalbinsel - SV Erkensch"]
[Site "VK2 - Saison 2023/24"]
[Date "2024.01.28"]
[Round "5.5"]
[White "Schicktanz, Florian"]
[Black "Zagrabski, Kevin"]
[Result "1/2-1/2"]
[WhiteElo "1725"]
[BlackElo "1835"]
[PlyCount "118"]
[EventDate "2024.??.??"]
[SourceDate "2024.01.23"]

1. c4 g6 2. g3 Bg7 3. Bg2 d6 4. Nf3 Nc6 5. Nc3 e5 6. d3 f5 7. Bg5 Nce7 8. O-O
h6 9. Bd2 Nf6 10. Ne1 c6 11. Nc2 O-O 12. b4 d5 13. cxd5 cxd5 14. Rb1 Bd7 15. d4
e4 16. a4 g5 17. Na3 Ng6 18. Qb3 Be6 19. e3 Qe7 20. Ne2 h5 21. b5 Rfd8 22. Bb4
Qf7 23. Rbc1 h4 24. Ba5 b6 25. Bb4 hxg3 26. fxg3 Nf8 27. Rc3 Qh5 28. Qd1 Rdc8
29. h3 Ng6 30. Rxc8+ Rxc8 31. Nc3 g4 32. h4 Nxh4 33. gxh4 Qxh4 34. Ne2 g3 35.
Rf4 Qh2+ 36. Kf1 Ng4 37. Rxg4 fxg4 38. Nf4 Bf7 39. Nc2 Kh7 40. Bd6 Qh6 41. Be5
Bxe5 42. dxe5 Rf8 43. Qxg4 Qg7 44. Qxg7+ Kxg7 45. Nd4 Rc8 46. e6 Rc1+ 47. Ke2
Be8 48. Nxd5 Bh5+ 49. Kd2 Rd1+ 50. Kc2 Rg1 51. Nf5+ Kh8 52. Nf4 Bd1+ 53. Kc3
Bf3 54. e7 Rc1+ 55. Kd4 Rc8 56. Bxf3 exf3 57. Nxg3 Re8 58. e4 Kg8 59. Ke3 Rxe7
{(=)} 1/2-1/2

[Event "SK Germania Ruhrhalbinsel - SV Erkensch"]
[Site "VK2 - Saison 2023/24"]
[Date "2024.01.28"]
[Round "5.6"]
[White "Bauriedel, Friedrich"]
[Black "Steinke, Hans-JÃ¶rg"]
[Result "1-0"]
[WhiteElo "1836"]
[BlackElo "1595"]
[PlyCount "65"]
[EventDate "2024.??.??"]
[SourceDate "2024.01.23"]

1. c4 e6 2. Nc3 c5 3. e4 Nc6 4. g3 Nf6 5. Bg2 d6 6. d3 Be7 7. Nge2 e5 8. O-O
O-O 9. h3 Ne8 10. f4 f5 11. exf5 Bxf5 12. g4 Bg6 13. f5 Bf7 14. Nd5 Bg5 15.
Nec3 Bxc1 16. Rxc1 Ne7 17. Qe2 Nxd5 18. Nxd5 Nf6 19. Nxf6+ Qxf6 20. Bxb7 Rab8
21. Be4 h6 22. Rb1 Rfd8 23. Qf2 Qe7 24. Qf3 Qg5 25. Rf2 Rb6 26. b3 Rdb8 27. Qg3
a5 28. h4 Qe7 29. g5 hxg5 30. hxg5 Kf8 31. f6 Qc7 32. fxg7+ Kxg7 33. Rbf1 1-0

[Event "SK Germania Ruhrhalbinsel - SV Erkensch"]
[Site "VK2 - Saison 2023/24"]
[Date "2024.01.28"]
[Round "5.7"]
[White "Rychlak, Nico"]
[Black "Bendel, RÃ¼diger"]
[Result "0-1"]
[WhiteElo "1686"]
[BlackElo "1885"]
[PlyCount "98"]
[EventDate "2024.??.??"]
[SourceDate "2024.01.23"]

1. d4 f5 2. Bg5 d5 3. e3 Nd7 4. c4 c6 5. Nc3 Qa5 6. a3 Ngf6 7. cxd5 Nxd5 8. Qc2
e6 9. Bc4 N7b6 10. Bxd5 Nxd5 11. Nge2 Bd6 12. O-O O-O 13. b4 Qc7 14. Nxd5 Bxh2+
15. Kh1 cxd5 16. Qxc7 Bxc7 17. Bf4 Bxf4 18. Nxf4 Bd7 19. a4 Rfc8 20. Nd3 Rc7
21. b5 Rac8 22. Nc5 b6 23. Nxd7 Rxd7 24. Rfc1 Rdc7 25. Rxc7 Rxc7 26. Ra2 g5 27.
g3 g4 28. a5 bxa5 29. Rxa5 Kf7 30. Ra6 Rb7 31. Kg2 h5 32. Rc6 Ke7 33. Rc5 Kd6
34. Kf1 Rc7 35. b6 axb6 36. Rb5 Rc6 37. Ke2 Kc7 38. Kd2 Kb7 39. Rb1 Rc7 40. Rh1
b5 41. Rxh5 b4 42. Rh1 Kb6 43. Rh6 Rc6 44. Rh8 Kb5 45. Ra8 b3 46. Rb8+ Ka4 47.
Ra8+ Kb4 48. Ra1 Rc2+ 49. Ke1 b2 0-1

[Event "SK Germania Ruhrhalbinsel - SV Erkensch"]
[Site "VK2 - Saison 2023/24"]
[Date "2024.01.28"]
[Round "5.8"]
[White "Wuthcke, Dieter"]
[Black "Broszeit, Peter"]
[Result "0-1"]
[WhiteElo "1798"]
[BlackElo "1783"]
[PlyCount "98"]
[EventDate "2024.??.??"]
[SourceDate "2024.01.23"]

1. d4 e6 2. c4 f5 3. g3 Nf6 4. Nf3 Be7 5. Nc3 O-O 6. Bg2 d6 7. O-O a5 8. Qc2
Na6 9. a3 c5 10. dxc5 Nxc5 11. Be3 Nfe4 12. Nxe4 Nxe4 13. Rfd1 Qc7 14. Nd4 Bd7
15. Rac1 Nf6 16. Qb3 a4 17. Qd3 Qb8 18. Bd2 Rc8 19. Bb4 Ra6 20. h3 Kf7 21. Rc2
g6 22. Rcd2 e5 23. Nb5 e4 24. Qd4 Rac6 25. Rc1 Ne8 26. Na7 Bf6 27. Nxc6 Rxc6
28. Qd5+ Be6 29. Qb5 Qa7 30. Qa5 Ra6 31. Qb5 Nc7 32. Bc5 Nxb5 33. Bxa7 Nxa7 34.
e3 Rc6 35. Bf1 Nc8 36. Be2 Rc5 37. Rdc2 Ke7 38. Kg2 Nb6 39. f3 Nd7 40. fxe4
fxe4 41. g4 Ne5 42. Kg3 Nd3 43. Rd1 Be5+ 44. Kg2 Bxc4 45. Bxd3 exd3 46. Rcd2
Bb3 47. Rf1 Rc2 48. Rff2 Rxd2 49. Rxd2 Bc2 0-1

[Event "SF Werden 3 - SG Gladbeck"]
[Site "?"]
[Date "2024.01.28"]
[Round "5"]
[White "Hassenrueck, Helmut"]
[Black "Zaschke, Benjamin"]
[Result "1/2-1/2"]
[WhiteElo "2057"]
[BlackElo "1967"]
[PlyCount "63"]
[SourceDate "2024.01.23"]

1. d4 d5 2. Nf3 Nf6 3. c4 e6 4. Nc3 Nbd7 5. cxd5 exd5 6. Bf4 Nb6 7. Qc2 Bd6 8.
Bg5 c6 9. e3 Bg4 10. Ne5 Bh5 11. f4 Qc7 12. Bd3 Bg6 13. f5 Bh5 14. Bf4 Nbd7 15.
Nxd7 Nxd7 16. Nxd5 Qa5+ 17. Nc3 Bxf4 18. exf4 O-O-O 19. O-O Nb6 20. a3 Nd5 21.
Rae1 Rhe8 22. Ne4 f6 23. Qf2 Nc7 24. Nc5 Bf7 25. Ra1 Qb6 26. b4 Nb5 27. Bxb5
Qxb5 28. Rfe1 Qc4 29. Rac1 Rxe1+ 30. Rxe1 Rxd4 31. Ne6 Re4 32. Rxe4 1/2-1/2

[Event "SF Werden 3 - SG Gladbeck"]
[Site "?"]
[Date "2024.01.28"]
[Round "5"]
[White "Diesing, Christian"]
[Black "Frohne, Gerd"]
[Result "0-1"]
[WhiteElo "1953"]
[BlackElo "2008"]
[PlyCount "96"]
[SourceDate "2024.01.23"]

1. c4 e6 2. g3 d5 3. Bg2 Nf6 4. Nf3 Be7 5. O-O O-O 6. cxd5 exd5 7. d4 c6 8. Nc3
Bf5 9. h3 h6 10. Ne5 Nbd7 11. Kh2 Ne4 12. f4 Nxc3 13. bxc3 Nxe5 14. fxe5 Qd7
15. g4 Bg6 16. Bf4 f6 17. Qd2 fxe5 18. Bxe5 Bd6 19. Bxd6 Qxd6+ 20. Kh1 Qg3 21.
Rf3 Rxf3 22. exf3 Re8 23. Rf1 b5 24. a3 a5 25. Rc1 a4 26. Rf1 Re7 27. Rd1 Qd6
28. Ra1 Qe6 29. Qf4 Qe3 30. Qb8+ Kh7 31. Qd6 Qxc3 32. Rf1 Re2 33. h4 Bc2 34. g5
hxg5 35. hxg5 Qd2 36. Qh2+ Kg6 37. Qd6+ Kf7 38. Qc7+ Re7 39. Qxc6 Qe2 40. Rc1
Bf5 41. Qxd5+ Kg6 42. f4 Be4 43. Rc6+ Kh5 44. Bxe4 Qf1+ 45. Kh2 Qxf4+ 46. Kg1
Rxe4 47. g6+ Kh6 48. Rc2 Qg3+ 0-1

[Event "SF Werden 3 - SG Gladbeck"]
[Site "?"]
[Date "2024.01.28"]
[Round "5"]
[White "Berg, Dietmar"]
[Black "Bury, Tobias"]
[Result "1-0"]
[WhiteElo "1943"]
[BlackElo "1909"]
[PlyCount "45"]
[SourceDate "2024.01.23"]

1. d4 Nf6 2. Nf3 d5 3. e3 c5 4. c3 e6 5. Bd3 Nbd7 6. Nbd2 b6 7. O-O Bb7 8. Re1
Ne4 9. Ne5 Nxe5 10. dxe5 a6 11. f3 Nxd2 12. Bxd2 Qc7 13. f4 Rd8 14. Bxa6 Bc6
15. Bf1 Be7 16. Qc2 Qb7 17. Rad1 f5 18. exf6 gxf6 19. Be2 f5 20. Bh5+ Kd7 21.
c4 Rhg8 22. g3 Kc8 23. Bf7 1-0

[Event "SF Werden 3 - SG Gladbeck"]
[Site "?"]
[Date "2024.01.28"]
[Round "5"]
[White "Blank, Stephan"]
[Black "Kruse, Peter"]
[Result "1/2-1/2"]
[WhiteElo "1797"]
[BlackElo "1931"]
[PlyCount "93"]
[SourceDate "2024.01.23"]

1. e4 e5 2. Nc3 Nf6 3. f4 d5 4. fxe5 Nxe4 5. Nf3 Nc6 6. d3 Nc5 7. Bf4 d4 8. Ne2
Bg4 9. Ng3 Ne6 10. Bd2 Nxe5 11. Be2 Nc6 12. O-O Bd6 13. Ne4 Be7 14. Kh1 Bxf3
15. Bxf3 O-O 16. Ng3 Bg5 17. Bxc6 bxc6 18. Ne4 Bxd2 19. Qxd2 Qd5 20. b3 a5 21.
a4 Rae8 22. Rf3 f5 23. Ng3 g6 24. Raf1 Ng7 25. h4 Qc5 26. h5 Re3 27. hxg6 hxg6
28. Ne2 Rfe8 29. R1f2 Qe5 30. Ng3 Re1+ 31. Rf1 Rxf1+ 32. Nxf1 Qe1 33. Kg1 Qe5
34. Qg5 Kf7 35. Qf4 c5 36. Qxe5 Rxe5 37. Nd2 Re8 38. Nc4 Ra8 39. Rf2 Kf6 40. g4
Kg5 41. gxf5 Nxf5 42. Ne5 Ne3 43. Nd7 Ra6 44. Ne5 Re6 45. Nf3+ Kh6 46. Rh2+ Kg7
47. Re2 1/2-1/2

[Event "SF Werden 3 - SG Gladbeck"]
[Site "?"]
[Date "2024.01.28"]
[Round "5"]
[White "Huttny, Georg"]
[Black "Brixius, Dirk"]
[Result "1-0"]
[WhiteElo "1828"]
[BlackElo "1747"]
[PlyCount "81"]
[SourceDate "2024.01.23"]

1. c4 Nf6 2. Nc3 e5 3. g3 c6 4. Bg2 Bc5 5. e3 O-O 6. Nge2 d5 7. cxd5 Nxd5 8.
O-O Be6 9. a3 a5 10. Qc2 Na6 11. d4 exd4 12. exd4 Ba7 13. Ne4 Qe7 14. Ng5 g6
15. Qe4 Bf5 16. Qf3 Nac7 17. g4 Bd7 18. Ne4 f5 19. gxf5 Rxf5 20. Qb3 b6 21.
N2g3 Rff8 22. Bg5 Qg7 23. Rae1 Ne6 24. Be3 Nxd4 25. Bxd4 Qxd4 26. Nc3 Rae8 27.
Rd1 Qf6 28. Nxd5 cxd5 29. Bxd5+ Kh8 30. Ne4 Rxe4 31. Bxe4 Bh3 32. Qxh3 b5 33.
Qc3 Qxc3 34. bxc3 Bc5 35. Rd5 Bxa3 36. Rxb5 Rf4 37. Rxa5 Bb2 38. f3 Bxc3 39.
Rd5 Kg7 40. Rc1 Bb2 41. Rc7+ 1-0